000 01641nam a22001937a 4500
005 20250902120912.0
006 a|||||r|||||||||||
008 250902s |||||||| |||| 00| ||eng d
020 _a9780241198162
040 _aGR-AtMCL
_bgre
_dGR-AtMCL
_eAACR2
100 _a Thomas, Dana
_4070
_910064
245 1 0 _aGods and kings:
_bthe rise and fall of Alexander McQueen and John Galliano/
_cDana Thomas
260 _aUK:
_bPenguin Books,
_c2016
300 _a422 p.;
_c20 cm
520 _aIn the mid-1990s, John Galliano and Alexander McQueen exploded onto a fashion scene that was in an artistic and economic rut. Their daring visions shook the establishment out of its bourgeois, minimalist stupor with vibrant, sexy designs and theatrical runway shows. By the end of the decade, each had been hired to run one of couture’s most storied houses, Galliano at Dior and McQueen at Givenchy. They were icons of a new generation of rock-star designers who headlined the transformation of luxury fashion from a small clutch of family-owned businesses into a global, multibillion-dollar corporate industry. But the pace was unsustainable. In 2010, McQueen took his own life. A year later, Galliano was fired in the wake of an alcohol-fueled, anti-Semitic diatribe. In her groundbreaking work Gods and Kings, acclaimed fashion journalist Dana Thomas tells the true story of two unforgettable artists. In so doing, she pulls back the curtain on the revolution that has remade high fashion over the last two decades—and the price it demanded from the very ones who saved it.
650 0 _aFashion
_99926
942 _cBK
999 _c9913
_d9913